000 00845cab a2200265 4500
001 ABS50910
008 090401t1994 xxu||||| |||| 00| 0 eng d
035 _a(Sirsi) u1221
041 _aeng
100 _aChillingworth, P.
245 4 _aThe after-care of mineral and waste sites
260 _c1994
350 _a0
490 _aCSM (Chartered Surveyor Monthly)
_v3(9) June 1994, 44(1)
520 _aDescribes the legal framework for the aftercare of mineral sites, planning policy and practical implementation. Briefly looks at the problems of the presence of landfill gas.
650 _aAFTERCARE
650 _aLAND RECLAMATION
650 _aLANDFILL GAS
650 _aMINERAL EXTRACTION
650 _aMPG7
650 _aTOWN AND COUNTRY PLANNING ACT 1990
690 _aMINING AND MINERALS
942 _n0
948 _c04/03/1997
999 _c666
_d666